| 000 | 01696cam a2200409Li 4500 | ||
|---|---|---|---|
| 001 | ocn762715256 | ||
| 003 | TZ-ArACH | ||
| 005 | 2012120702172.0 | ||
| 008 | 110608s2011 fr l 000 0 fre d | ||
| 015 |
_a01131584 _2bnf |
||
| 016 | 7 |
_aFRBNF424471030000002 _2FrPBN |
|
| 020 | _a9782910326760 (rel) | ||
| 020 | _a2910326764 (rel) | ||
| 035 | _a(OCoLC)762715256 | ||
| 040 |
_aBDF _encafnor _bfre _cTZ-ArACH |
||
| 041 | _aFre | ||
| 049 | _aTZAA | ||
| 050 |
_aKJV3982 _b.A28 |
||
| 082 | 1 | 4 |
_a347.440 7702632 _222 |
| 110 | 2 |
_aFrance. _97142 |
|
| 245 | 1 | 0 |
_aCode de l'exécution / _csous la direction de Natalie Fricero,... ; avec la collaboration de Gabriele Mecarelli,... ; préface de Jean-Daniel Lachkar,... |
| 250 |
_aÉd. 2011. / _bréalisée avec le concours de Frédéric Choffat, Joseph Hazan. |
||
| 260 |
_aParis : _bÉd. juridiques et techniques, _ccop. 2011. |
||
| 300 |
_a1 vol. (XXI-880 p.) ; _c18 cm. |
||
| 500 | _aEn appendice, choix de documents. | ||
| 500 | _aIndex. | ||
| 650 | 7 |
_aVoies d'exécution _zFrance _xCodes. _97143 |
|
| 650 | 7 |
_aExecutions (law) _zFrance _97145 |
|
| 650 | 7 |
_aAttachements and Garnishment _zFrance _97146 |
|
| 700 | 1 |
_aFricero, Natalie. _4pbd _97144 |
|
| 856 | 4 | 2 |
_3Notice et cote du catalogue de la Bibliothèque nationale de France _uhttp://catalogue.bnf.fr/ark:/12148/cb424471038 |
| 886 | 1 |
_2intermrc _a009 _ba--dj-------------- |
|
| 886 | 2 |
_2intermrc _a680 _b0- _a340 _b340 |
|
| 942 |
_2lcc _cBOOK |
||
| 999 |
_c1975 _d1975 |
||